[Event "POL-chT 1st League 2020"]
[Site "Ustron"]
[Date "2020.09.09"]
[Round "5.14"]
[White "Mis, Mieszko"]
[Black "Butkiewicz, Lukasz"]
[Result "1-0"]
[WhiteElo "2350"]
[BlackElo "2393"]
[Annotator "TA"]
[PlyCount "107"]
[EventDate "2020.09.05"]
[EventType "team-tourn"]
[EventCountry "POL"]
[SourceTitle "playchess.com"]
[Source "ChessBase"]
[SourceQuality "1"]

{[%evp 20,107,0,6,22,9,13,14,9,0,0,0,0,0,0,0,0,-8,0,-18,-17,-19,0,0,0,0,25,20,25,11,49,-29,0,0,0,0,0,0,4,-26,0,0,217,129,130,37,45,24,31,-47,187,219,212,208,188,162,156,160,203,197,339,333,338,320,418,434,447,443,435,441,431,409,441,485,457,486,499,497,480,483,709,709,708,700,668,635,1032,1012,2284,1682]} 1. Nf3 Nf6 2. c4 e6 3. g3 d5 4. Bg2 dxc4 5. Qa4+ Nbd7 6. Qxc4 c5 7. O-O a6 8. Qc2 b5 9. a4 Bb7 10. d3 Be7 11. Nc3 b4 {A13: English Opening: 1...e6.} 12. Nb1 a5 13. Nbd2 O-O {[#] The position is equal.} 14. b3 $146 ({Predecessor:} 14. e4 Rc8 15. Nc4 Nb8 16. Nfe5 Ne8 17. f4 f6 18. Nf3 Nc6 19. Be3 Nd4 20. Bxd4 cxd4 {1-0 (27) Gonzalez Vidal,Y (2561)-Sambuev,B (2562) Havana 2014}) 14... Nd5 15. Bb2 Bf6 16. Rac1 Bxb2 17. Qxb2 Qe7 18. Nb1 Rfd8 19. e4 N5b6 20. Nbd2 e5 21. Rfd1 f6 22. Qc2 Ba6 23. Nf1 Rac8 24. Bh3 Rc7 25. d4 (25. Ne3 $14) 25... exd4 {[#]} 26. Nxd4 $1 {[%mdl 576] Pin} Ne5 (26... cxd4 27. Qxc7) 27. Ne6 Rxd1 28. Rxd1 {Threatens to win with Rd8+.} Rd7 29. Ne3 Rxd1+ 30. Qxd1 {aiming for Nxg7!} Bb7 $2 (30... Bc8 $11 {and Black has nothing to worry.} 31. Nd5 Nxd5 32. exd5 Qa7) 31. f4 (31. Nxc5 $1 $18 Bc6 32. Qc1) 31... Nf7 $16 32. Nf5 ({White should try} 32. Qc2 $1 $16) 32... Qd7 $1 $14 {[%cal Rd7d1]} (32... Qxe6 $2 33. Nh6+ $1 {[%mdl 512]} Kf8 34. Bxe6 $18) 33. Qc2 c4 $1 {[%cal Rc4b3]} ({Don't blunder} 33... Qxe6 $2 34. Nh6+ $1 {[%mdl 512]} gxh6 35. Bxe6 $18) 34. Nexg7 (34. bxc4 $14 Qxa4 35. Qf2) 34... Qd3 $2 {A mistake that costs the game.} (34... Kh8 $15 {keeps the upper hand.} 35. bxc4 Nxa4) 35. Qxd3 $18 cxd3 36. Ne8 Nd7 37. Nfd6 d2 38. Bg4 Bc6 39. Nc4 Nc5 (39... Kf8 $142) 40. Nxf6+ Kg7 41. Nh5+ ({But not} 41. Nxa5 Bxe4 42. Nxe4 Nxe4) ({Stronger than} 41. Nxd2 Kxf6 42. Bf3 Be8 $11) 41... Kh6 42. Nxd2 Nxe4 43. Nxe4 Bxe4 {[%mdl 4096] Endgame KBN-KBN} 44. Bd1 Nd6 45. Nf6 Bg6 46. Kf2 {White is clearly winning.} Kg7 47. Nd7 Ne4+ 48. Ke3 Nc3 49. Bf3 Nxa4 (49... Bf7 $142 50. Nc5 h5) 50. bxa4 b3 {[#]} 51. Bd5 $1 b2 52. Ba2 Bf7 53. Bb1 Bg6 54. f5 {Accuracy: White = 75%, Black = 61%.} 1-0

[Event "POL-chT 1st League 2020"]
[Site "Ustron"]
[Date "2020.09.09"]
[Round "5.15"]
[White "Luch, Michal"]
[Black "Kozak, Antoni"]
[Result "0-1"]
[WhiteElo "2389"]
[BlackElo "2347"]
[Annotator "RC"]
[PlyCount "108"]
[EventDate "2020.09.05"]
[EventType "team-tourn"]
[EventCountry "POL"]
[SourceTitle "playchess.com"]
[Source "ChessBase"]
[SourceQuality "1"]
[TimeControl "40/5400+30:1800+30"]

1. d4 d5 {[%emt 0:00:00]} 2. c4 {[%emt 0:00:00]} e6 {[%emt 0:00:00]} 3. Nf3 {[%emt 0:01:19]} Nf6 {[%emt 0:00:00]} 4. e3 {[%emt 0:04:20]} Nbd7 {[%emt 0:08:08]} 5. b3 {[%emt 0:02:01]} b6 {[%emt 0:01:53]} 6. Bb2 {[%emt 0:03:54]} Bb7 {[%emt 0:00:06]} 7. Nbd2 {[%emt 0:02:20]} Bd6 {[%emt 0:00:08]} 8. Bd3 {[%emt 0:00:22]} O-O {[%emt 0:02:41]} 9. O-O {[%emt 0:02:18]} Re8 {[%emt 0:01:26]} 10. Ne5 {[%emt 0:03:11]} c5 {[%emt 0:00:12]} 11. cxd5 {[%emt 0:10:46]} exd5 {[%emt 0:01:49]} 12. Nxd7 {[%emt 0:07:14]} Nxd7 {[%emt 0:01:55]} 13. Qh5 {[%emt 0:12:48]} Nf6 {[%emt 0:08:02]} 14. Qh3 {[%emt 0:00:15]} Ne4 {[%emt 0:07:23]} 15. Nxe4 {[%emt 0:09:56]} dxe4 {[%emt 0:00:06]} 16. Bc4 {[%emt 0:00:08]} Qg5 {[%emt 0:09:35]} 17. Qd7 {[%emt 0:06:13]} Qe7 {[%emt 0:00:14]} 18. Qg4 {[%emt 0:08:51]} cxd4 {[%emt 0:07:35]} 19. Bxd4 {[%emt 0:00:21]} g6 {[%emt 0:00:04]} 20. Rad1 {[%emt 0:12:05]} Red8 {[%emt 0:03:51]} 21. Qh3 {[%emt 0:02:22]} h5 {[%emt 0:06:38]} 22. f4 {[%emt 0:03:27]} exf3 {[%emt 0:10:15]} 23. gxf3 {[%emt 0:00:04]} b5 {[%emt 0:00:14]} 24. Be2 {[%emt 0:02:17]} Bc5 {[%emt 0:00:13]} 25. Bxc5 {[%emt 0:02:40]} Qxc5 {[%emt 0:00:05]} 26. Kf2 {[%emt 0:00:08]} Re8 {[%emt 0:06:41]} 27. Rd3 {[%emt 0:02:59]} b4 {[%emt 0:02:11]} 28. Qh4 {[%emt 0:00:38]} Ba6 {[%emt 0:04:10]} 29. Qd4 {[%emt 0:00:12]} Qe7 {[%emt 0:00:04]} 30. Rdd1 {[%emt 0:00:03]} Rad8 {[%emt 0:07:31]} 31. Qf4 {[%emt 0:00:07]} Bxe2 {[%emt 0:03:26]} 32. Kxe2 {[%emt 0:00:01]} Rc8 {[%emt 0:00:26]} 33. Rd2 {[%emt 0:02:28]} Rc3 {[%emt 0:00:17]} 34. e4 {[%emt 0:00:01]} Qc5 {[%emt 0:00:39]} 35. h4 {[%emt 0:00:49]} Rc2 {[%emt 0:02:32]} 36. Rfd1 {[%emt 0:00:05]} Rc8 {[%emt 0:01:19]} 37. Rxc2 {[%emt 0:01:10]} Qxc2+ {[%emt 0:00:03]} 38. Qd2 {[%emt 0:00:23]} Qc7 {[%emt 0:02:04]} 39. Qd6 {[%emt 0:00:01]} Qa5 {[%emt 0:00:09]} 40. Rd2 {[%emt 0:00:00]} Qb5+ {[%emt 0:00:00]} 41. Qd3 {[%emt 0:13:39]} Qe5 {[%emt 0:00:43]} 42. Qd6 {[%emt 0:01:36]} Qb5+ {[%emt 0:03:22]} 43. Qd3 {[%emt 0:00:04]} Qb6 {[%emt 0:00:03]} 44. Qd4 {[%emt 0:10:48]} Qa6+ {[%emt 0:00:07]} 45. Kf2 {[%emt 0:04:56]} Rc1 {[%emt 0:01:54]} 46. Kg3 {[%emt 0:02:09]} Rh1 {[%emt 0:05:50]} 47. Qd8+ {[%emt 0:00:59]} Kg7 {[%emt 0:00:43]} 48. Qd4+ {[%emt 0:00:34]} Kh7 {[%emt 0:00:04]} 49. Qd7 {[%emt 0:00:50]} Qf6 {[%emt 0:00:22]} 50. Kg2 {[%emt 0:00:36]} Rxh4 {[%emt 0:00:21]} 51. Kg3 {[%emt 0:00:31]} Qf4+ 52. Kg2 Qf6 53. Qd6 Rh1 54. Qxb4 Qa6 0-1

[Event "POL-chT 1st League 2020"]
[Site "Ustron"]
[Date "2020.09.09"]
[Round "5.16"]
[White "Chyzy, Jakub"]
[Black "Brodowski, Piotr"]
[Result "0-1"]
[WhiteElo "2249"]
[BlackElo "2446"]
[Annotator "TA"]
[PlyCount "72"]
[EventDate "2020.09.05"]
[EventType "team-tourn"]
[EventCountry "POL"]
[SourceTitle "playchess.com"]
[Source "ChessBase"]
[SourceQuality "1"]

{[%evp 28,72,56,53,59,48,48,-3,-22,-20,145,40,41,41,33,31,44,34,43,40,81,-26,-16,-14,-9,-105,-104,-73,-83,-371,-301,-656,-683,-739,-718,-1554,-382,-377,-354,-635,-620,-681,-675,-29972,-29973,-29975,-29975]} 1. e4 c5 2. Nf3 Nc6 3. d4 cxd4 4. Nxd4 g6 5. c4 Bg7 6. Be3 Nf6 7. Nc3 O-O 8. Be2 d6 9. O-O Bd7 10. f3 Nxd4 11. Bxd4 Bc6 12. Qd2 a5 13. b3 Nd7 14. Be3 Nc5 15. Rab1 Be5 {B38: Sicilian: Maroczy Bind with 5...Bg7 and 7...0-0.} 16. a3 e6 17. b4 (17. Bd1 $14) 17... axb4 $11 {The position is equal.} 18. axb4 Qf6 $2 {[#]} ({Better is} 18... Ra3 $1 $11) 19. Nb5 $146 ({Not} 19. bxc5 Bxc3 20. Qd3 (20. Qxd6 $2 Ra2 $17) 20... dxc5 $15) (19. Nd1 $1 $16) ({Predecessor:} 19. Nd1 Qh4 20. f4 Nxe4 21. Qc2 Bg7 22. b5 d5 23. bxc6 bxc6 24. Bd3 Nd6 25. c5 {1-0 (113) Gozzoli,Y (2503)-Bauer,C (2610) Nancy 2009}) 19... Qh4 $14 20. g3 Bxg3 $1 {[%csl Gg3][%cal Rh4h2]} 21. Bd1 Nxe4 22. fxe4 Bxe4 23. Rb3 Ra1 24. Bd4 {[#]} (24. Bh6 $1 $16 Rxd1 25. Rxd1 Bf2+ 26. Qxf2 Qg4+ 27. Rg3 Qxd1+ 28. Qf1 Qxf1+ 29. Kxf1) 24... Rxd1 $1 $40 {[%mdl 640] Black is up to no good.} 25. Rxd1 (25. Qxd1 Bxh2#) 25... Bxh2+ 26. Qxh2 (26. Kf1 $11 {keeps the balance.}) 26... Qg4+ $17 {[%mdl 64] Double Attack} 27. Kf2 Qxd1 {[#]} 28. Re3 $2 {[%mdl 8192] [#] Loses the game.} (28. Qh6 $1 $17 {[%mdl 512]} f6 29. Qe3) 28... Ra8 $1 $19 {[%cal Ra8a2]} 29. Kg3 $2 (29. Re2 Qxe2+ {[%mdl 64] Remove Defender} 30. Kxe2 Ra2+ {[%mdl 64] Skewer} 31. Ke3 Rxh2 32. Kxe4) 29... Bc6 30. Bf6 h5 31. Qf2 {[#]} Qg4+ $2 (31... Ra2 $1 {[%mdl 512] ( -> ...Qg4+)} 32. Qxa2 Qg1+ {[%mdl 64] Double Attack} 33. Kh3 Qxe3+ 34. Kh2 Qf4+ {[%mdl 64] Double Attack} 35. Kg1 Qg3+ 36. Kf1 Qh3+ 37. Ke1 Qh1+ 38. Kd2 Qh2+ 39. Kd3 Qxa2) 32. Kh2 Qxc4 33. Nxd6 $2 {[#]} (33. Ra3 Rxa3 34. Nxa3 Qxb4 35. Nc2) 33... Ra2 $1 34. Bb2 {[#]} Rxb2 $1 {[%mdl 576] Deflection} 35. Qxb2 Qf4+ {[%mdl 64] Double Attack} 36. Rg3 h4 {[%mdl 64] Pin. Accuracy: White = 18%, Black = 74%.} 0-1

[Event "POL-chT 1st League 2020"]
[Site "Ustron"]
[Date "2020.09.09"]
[Round "5.17"]
[White "Skawinski, Arkadiusz"]
[Black "Czernek, Tymon"]
[Result "0-1"]
[WhiteElo "2384"]
[BlackElo "2267"]
[Annotator "RC"]
[PlyCount "78"]
[EventDate "2020.09.05"]
[EventType "team-tourn"]
[EventCountry "POL"]
[SourceTitle "playchess.com"]
[Source "ChessBase"]
[SourceQuality "1"]
[TimeControl "40/5400+30:1800+30"]

1. e4 {[%emt 0:00:00]} c5 {[%emt 0:00:00]} 2. Nf3 {[%emt 0:00:00]} Nc6 {[%emt 0:00:00]} 3. Bb5 {[%emt 0:00:00]} g6 {[%emt 0:00:00]} 4. Bxc6 {[%emt 0:00:00]} dxc6 {[%emt 0:00:00]} 5. d3 {[%emt 0:00:03]} Bg7 {[%emt 0:00:00]} 6. h3 {[%emt 0:00:05]} e5 {[%emt 0:01:55]} 7. Be3 {[%emt 0:00:58]} b6 {[%emt 0:00:03]} 8. Nc3 {[%emt 0:04:19]} Ne7 {[%emt 0:00:18]} 9. Qd2 {[%emt 0:03:50]} h6 {[%emt 0:00:05]} 10. Nh2 {[%emt 0:04:44]} g5 {[%emt 0:01:52]} 11. Nf1 {[%emt 0:21:31]} Ng6 {[%emt 0:00:31]} 12. Ng3 {[%emt 0:00:02]} Nf4 {[%emt 0:02:36]} 13. Rh2 {[%emt 0:10:21]} Be6 {[%emt 0:01:25]} 14. Nf5 {[%emt 0:01:35]} Bxf5 {[%emt 0:06:15]} 15. exf5 {[%emt 0:00:07]} Qd7 {[%emt 0:00:07]} 16. Ne4 {[%emt 0:00:51]} O-O-O {[%emt 0:00:35]} 17. g4 {[%emt 0:11:15]} h5 {[%emt 0:03:09]} 18. f3 {[%emt 0:09:59]} c4 {[%emt 0:11:50]} 19. dxc4 {[%emt 0:10:04]} Qe7 {[%emt 0:04:51]} 20. Qc3 {[%emt 0:00:09]} hxg4 {[%emt 0:00:07]} 21. fxg4 {[%emt 0:00:38]} Rd4 {[%emt 0:01:20]} 22. f6 {[%emt 0:02:10]} Bxf6 {[%emt 0:00:33]} 23. Nxf6 {[%emt 0:00:06]} Qxf6 {[%emt 0:00:19]} 24. Bxd4 {[%emt 0:01:33]} exd4 {[%emt 0:00:21]} 25. Qf3 {[%emt 0:01:09]} Re8+ {[%emt 0:01:33]} 26. Kd2 {[%emt 0:05:07]} Re3 {[%emt 0:00:08]} 27. Qf1 {[%emt 0:00:03]} Qe5 {[%emt 0:01:03]} 28. Re1 {[%emt 0:06:19]} Qa5+ {[%emt 0:00:11]} 29. c3 {[%emt 0:02:59]} Qxa2 {[%emt 0:00:13]} 30. Rc1 {[%emt 0:04:17]} Qxb2+ {[%emt 0:02:43]} 31. Rc2 {[%emt 0:00:04]} Qa3 {[%emt 0:00:18]} 32. Qc1 {[%emt 0:01:07]} Qe7 {[%emt 0:00:53]} 33. Qf1 {[%emt 0:00:08]} Rd3+ {[%emt 0:06:41]} 34. Kc1 {[%emt 0:00:07]} dxc3 {[%emt 0:00:10]} 35. Rhf2 {[%emt 0:00:37]} Re3 {[%emt 0:01:19]} 36. Kd1 {[%emt 0:00:54]} Qa3 {[%emt 0:00:42]} 37. Rf3 {[%emt 0:00:40]} Qa1+ {[%emt 0:00:56]} 38. Rc1 {[%emt 0:00:06]} c2+ {[%emt 0:00:06]} 39. Kxc2 {[%emt 0:00:23]} Qc3+ {[%emt 0:00:06]} 0-1

[Event "POL-chT 1st League 2020"]
[Site "Ustron"]
[Date "2020.09.09"]
[Round "5.18"]
[White "Wikar, Martyna"]
[Black "Przezdziecka, Ewa"]
[Result "1-0"]
[WhiteElo "2045"]
[BlackElo "2166"]
[Annotator "TA"]
[PlyCount "89"]
[EventDate "2020.09.05"]
[EventType "team-tourn"]
[EventCountry "POL"]
[SourceTitle "playchess.com"]
[Source "ChessBase"]
[SourceQuality "1"]

{[%evp 9,89,10,15,13,43,2,51,64,48,0,93,106,97,105,112,105,135,80,120,101,204,205,208,156,208,84,162,162,163,167,175,141,172,165,206,216,224,203,218,218,257,257,267,238,251,254,296,291,292,268,368,364,475,452,498,488,493,470,682,687,662,674,652,666,1339,661,1321,1320,2885,2679,2838,2516,6491,8922,5365,5058,5593,6115,29989,29990,29990,29991]} 1. e4 d6 2. d4 Nf6 3. Nc3 e5 4. Nf3 Nbd7 5. Rg1 c6 6. g4 {C41: Philidor Defence.} exd4 7. Qxd4 {[#]} h6 $146 ({Predecessor:} 7... Qb6 8. g5 Ne5 9. Qd1 Nfg4 10. Rg2 Be6 11. Nxe5 Nxe5 12. f4 Bh3 13. Rg3 Bxf1 14. fxe5 {0-1 (48) Doknjas,J (2216)-Tomb,M (2152) Quebec 2018}) 8. Be3 {White is slightly better.} Nc5 9. e5 dxe5 (9... Ne6 $11 {remains equal.} 10. Qd3 dxe5) 10. Qxd8+ $16 ({Don't play} 10. Nxe5 $6 Qxd4 11. Bxd4 Ne6 $11) ({Reject} 10. Qxe5+ Be6 $11) 10... Kxd8 11. O-O-O+ Ke8 12. Nxe5 Be6 13. Bc4 (13. f4 $142) 13... Nfd7 14. Bxe6 $40 {[%mdl 128] White is out for blood.} fxe6 (14... Nxe5 $16 15. Bf5 Ne6) 15. Ng6 $18 Rg8 16. Rge1 a5 (16... Be7 $16 17. b4 Na6) 17. Nf4 (17. f4 $18) 17... g5 (17... Be7 $16) 18. Bxc5 $1 gxf4 19. Bxf8 ({And not} 19. Rxe6+ Kf7 $15) 19... Nxf8 20. f3 Rg7 21. Re4 Rf7 22. Ne2 Rd8 23. Nxf4 Rxd1+ 24. Kxd1 {[%mdl 4096] Endgame KRN-KRN} Rd7+ 25. Ke2 Ke7 26. h4 Kf6 27. Nd3 b6 28. Rf4+ Kg7 29. h5 Rd5 30. c4 Rd7 31. Ne5 {[#] Hoping for Rxf8.} Rc7 32. Rd4 c5 33. Rd8 Rb7 (33... a4 $142 34. f4 Rb7) 34. a4 Kf6 35. Rxf8+ Kxe5 {KR-KR} 36. Ke3 Rd7 37. f4+ Kd6 38. Rh8 Kc6 39. Rxh6 Rd4 40. Rxe6+ Kc7 41. h6 Rd1 42. Ke4 Rd2 43. g5 Rxb2 44. h7 Rh2 45. Rh6 {Accuracy: White = 82%, Black = 31%.} 1-0

[Event "POL-chT 1st League 2020"]
[Site "Ustron"]
[Date "2020.09.09"]
[Round "5.19"]
[White "Maciejczak, Jakub"]
[Black "Cukrowski, Filip"]
[Result "1/2-1/2"]
[WhiteElo "2371"]
[BlackElo "2406"]
[Annotator "TA"]
[PlyCount "49"]
[EventDate "2020.09.05"]
[EventType "team-tourn"]
[EventCountry "POL"]
[SourceTitle "playchess.com"]
[Source "ChessBase"]
[SourceQuality "1"]

{[%evp 11,49,18,30,-64,-37,-31,-13,-31,0,-14,-8,-18,-10,-14,13,25,24,18,24,24,24,26,35,18,22,16,28,26,25,26,18,28,22,14,18,14,12,7,11,20]} 1. Nf3 c5 2. c4 Nc6 3. b3 Nf6 4. Bb2 e6 5. e3 d5 6. cxd5 exd5 7. d3 {A13: English Opening: 1...e6.} (7. Nc3 $11) 7... Bd6 8. Be2 O-O 9. O-O Bg4 10. Nbd2 Re8 11. Re1 Rc8 12. Rc1 {[#]} a6 $146 (12... b5 {with more complications.} 13. e4 a6 14. a4 dxe4 15. Nxe4 Nxe4 16. dxe4 Rxe4 17. axb5 axb5 18. Qd3 Bxf3 19. Qxf3 Rb4) ({Predecessor:} 12... d4 13. Nxd4 cxd4 14. Bxg4 Nxg4 15. Qxg4 Bb4 16. Red1 g6 17. Nf1 h5 18. Qe2 Qg5 {1-0 (28) Alvarez Pedraza,A (2460)-Pozo Vera,S (2452) Pamplona 2009}) 13. d4 cxd4 14. Nxd4 Bxe2 15. Qxe2 Nxd4 16. Bxd4 Qe7 17. Nf3 Ne4 18. Bb2 Qd7 19. Qd3 Rxc1 20. Rxc1 Rc8 21. Rxc8+ Qxc8 22. h3 {The position is equal.} Qc5 23. Qd4 {[%csl Gb2][%cal Rd4g7] [#]} f6 {White must now prevent ...Qc2.} 24. Qxc5 Bxc5 25. Kf1 {Accuracy: White = 87%, Black = 87%.} 1/2-1/2

[Event "POL-chT 1st League 2020"]
[Site "Ustron"]
[Date "2020.09.09"]
[Round "5.20"]
[White "Pacan-Milej, Kosma"]
[Black "Janaszak, Dawid"]
[Result "1-0"]
[WhiteElo "2420"]
[BlackElo "2356"]
[Annotator "TA"]
[PlyCount "95"]
[EventDate "2020.09.05"]
[EventType "team-tourn"]
[EventCountry "POL"]
[SourceTitle "playchess.com"]
[Source "ChessBase"]
[SourceQuality "1"]

{[%evp 9,95,14,18,18,39,15,24,8,32,35,30,21,40,42,47,-6,-21,-21,-20,-37,0,-29,-1,-20,5,10,12,0,0,0,3,9,16,19,16,25,25,0,83,34,48,47,47,25,33,22,22,0,50,42,60,16,24,0,4,21,0,15,34,0,110,93,131,133,132,137,156,156,180,180,200,204,204,190,235,214,273,264,233,233,233,197,564,564,564,556,718,673]} 1. d4 d5 2. c4 c6 3. Nf3 Nf6 4. Qb3 a5 5. e3 a4 6. Qc2 {[#] D11: Slav Defence: 3 Nf3 sidelines and 3...Nf6 4 e3 Bg4.} g6 $146 ({Predecessor:} 6... Bg4 7. Ne5 e6 8. Nxg4 Nxg4 9. Be2 Nf6 10. a3 Nbd7 11. Nc3 Qa5 12. Bd2 Qa7 13. cxd5 Nxd5 {½-½ (41) Rakhmanov,A (2634)-Volkov,S (2568) Khanty-Mansiysk 2018}) 7. Bd3 Bg7 8. Nc3 {White has an edge.} dxc4 9. Bxc4 O-O 10. O-O Nbd7 11. e4 b5 12. Bd3 (12. Be2 $14) 12... e5 $1 $11 13. Ne2 Bb7 14. Bg5 Re8 (14... h6 $5 {[%cal Rh6g5]} 15. Bd2 {[#]} c5 $1 {[%mdl 512]} 16. dxe5 c4 17. exf6 cxd3 18. Qxd3 Nxf6 19. Qxd8 (19. Qxb5 $2 Ba6 $19) 19... Rfxd8 $17) 15. Rad1 Qb6 16. dxe5 Nxe5 17. Nxe5 Rxe5 18. Bf4 $36 {[%mdl 2048] White is pushing.} Ree8 19. Be3 Qc7 20. h3 Rac8 21. Nc3 Qa5 22. a3 Ba6 23. Be2 Re6 (23... c5 $11 {remains equal.}) 24. Rd2 Rce8 {[%cal Rf6e4]} 25. Rfd1 Bb7 26. Bc5 h5 {[%cal Rf6e4]} ({But not} 26... Nxe4 $2 27. Nxe4 Bh6 28. Rd4 $18) 27. Bf3 Qa8 28. Qd3 Kh7 29. g3 Bc8 30. Qc2 Qb7 31. Bd4 Bh6 32. Re2 {Black should prevent e5.} Nd7 33. Bg2 Qb8 34. Be3 Bg7 (34... Bxe3 $11 35. Rxe3 Ne5) 35. f4 $16 Nb6 36. e5 Nc4 37. Ne4 Kg8 38. Bc5 Qc7 39. Ng5 Bh6 {Threatening ...Bxg5.} 40. Nxe6 Bxe6 41. Qe4 Rc8 42. Kh2 Bf8 43. Bxf8 Kxf8 44. Qf3 Kg7 45. Qc3 Qb6 $2 {[#]} (45... c5 {is a better chance.} 46. Rc2 Rb8) 46. f5 $1 $18 {White is clearly winning.} gxf5 (46... Bxf5 47. e6+) 47. Qc1 Kg6 48. h4 {Accuracy: White = 85%, Black = 70%.} 1-0

[Event "POL-chT 1st League 2020"]
[Site "Ustron"]
[Date "2020.09.09"]
[Round "5.22"]
[White "Godzwon, Iwo"]
[Black "Szyszylo, Rafal"]
[Result "1-0"]
[WhiteElo "2317"]
[BlackElo "2188"]
[Annotator "TA"]
[PlyCount "67"]
[EventDate "2020.09.05"]
[EventType "team-tourn"]
[EventCountry "POL"]
[SourceTitle "playchess.com"]
[Source "ChessBase"]
[SourceQuality "1"]

{[%evp 17,67,35,58,34,35,0,22,14,39,53,109,67,100,39,38,19,31,24,85,81,60,48,53,-33,22,13,25,24,87,82,110,105,85,97,104,87,119,123,118,116,148,149,324,261,242,210,354,339,386,397,657,643]} 1. e4 g6 2. d4 Bg7 3. Nc3 d6 4. f4 Nf6 5. Nf3 c5 6. dxc5 Qa5 7. Bd3 Qxc5 8. Qe2 Nc6 9. Be3 Qa5 10. Bd2 {B09: Pirc Defence: Austrian Attack.} O-O 11. Nd5 Qd8 12. O-O-O {The position is equal.} Bg4 13. h3 {[#]} Bxf3 $146 ({Black should try} 13... Be6 $14) ({Predecessor:} 13... Nd4 14. Nxf6+ Bxf6 15. Qe3 Bxf3 16. gxf3 Bg7 17. h4 h5 18. f5 e6 19. fxg6 fxg6 {½-½ (40) Ventimiglia,C (1994)-Hoefer,H (1936) IECC email 2001}) 14. Qxf3 Rc8 15. Qe3 (15. Nxf6+ $16 Bxf6 16. Kb1) 15... Nd7 16. Bc3 Bxc3 17. Nxc3 Qa5 {[#]} (17... Nb4 $11 {keeps the balance.}) 18. a3 $1 $16 Qc5 19. Qg3 Nf6 20. h4 (20. Rhe1 $14) 20... h5 (20... Nh5 $15 21. Qg5 Qe3+ 22. Kb1 Qxf4) 21. Rhe1 Ng4 22. Rd2 e6 {[#]} (22... Nd4 $11 {remains equal.}) 23. Be2 $1 Nf6 24. Qg5 Kg7 25. Qxc5 dxc5 26. e5 Ng8 27. Rd7 b6 28. Nb5 $36 {[%mdl 2048] Keeping Black busy.} a5 29. Bf3 {Black must now prevent Bxc6.} Nge7 $2 {A mistake that costs the game.} (29... Nd4 $16) 30. Red1 Rfd8 31. c3 Rxd7 (31... Nd5 {was necessary.} 32. Rb7 Rb8 33. Rxb8 Rxb8) 32. Rxd7 $18 Rd8 33. Rc7 Rc8 $2 (33... Nxe5 34. fxe5 Nf5) 34. Rxc8 {Accuracy: White = 76%, Black = 35%.} 1-0

[Event "POL-chT 1st League 2020"]
[Site "Ustron"]
[Date "2020.09.09"]
[Round "5.23"]
[White "Kucza, Karol"]
[Black "Kowalczyk, Pawel"]
[Result "1-0"]
[WhiteElo "2285"]
[BlackElo "2339"]
[Annotator "TA"]
[PlyCount "69"]
[EventDate "2020.09.05"]
[EventType "team-tourn"]
[EventCountry "POL"]
[SourceTitle "playchess.com"]
[Source "ChessBase"]
[SourceQuality "1"]

{[%evp 20,69,31,27,45,29,21,20,19,27,30,0,0,-11,0,1,40,20,33,26,337,335,416,423,474,466,543,533,567,473,614,604,669,645,664,629,619,407,788,596,573,582,603,616,654,650,1119,1112,1067,1056,1508,1099]} 1. e4 c5 2. Nf3 Nc6 3. d4 cxd4 4. Nxd4 e5 5. Nb5 d6 6. c4 Be7 7. N1c3 a6 8. Na3 f5 9. exf5 Bxf5 10. Bd3 Be6 11. Nc2 Nf6 {B32: Sicilian: Löwenthal and Kalashnikov Variations.} 12. O-O O-O 13. Bg5 Qd7 {The position is equal.} 14. Qe2 Rae8 {[#]} 15. Bxf6 $146 ({Predecessor:} 15. Rad1 Kh8 16. b4 Ng4 17. Ne4 a5 18. b5 Nd4 19. Nxd4 exd4 20. Bb1 Bf5 21. Bf4 {1-0 (28) Ciuksyte,D (2355)-MacQueen,C (2246) England 2014}) 15... gxf6 16. Be4 Kh8 17. Rad1 Bg4 18. f3 $36 {[%mdl 2048] White has some pressure.} Bh5 19. g4 {[#] aiming for Bf5.} f5 $2 {[%mdl 8192] This move loses the game for Black.} (19... Bg6 $1 $11) 20. Bxc6 $1 $18 ({Weaker is} 20. gxh5 fxe4 21. fxe4 Rf4 $14) ({Less strong is} 20. gxf5 Bg5 $16) 20... Qxc6 21. gxh5 Rg8+ 22. Kh1 Rg5 23. Nd5 {[%cal Bc3d5,Bd5f4,Bf4g2][%mdl 32]} Bd8 24. b3 Rxh5 25. f4 Rh4 26. fxe5 Rxe5 27. Qf3 f4 28. Nxf4 Bg5 (28... Rxf4 $142 29. Qxc6 Rxf1+ 30. Rxf1 bxc6 31. Rf8+ {[%mdl 64] Double Attack} Kg7 32. Rxd8 c5 33. Rxd6 Re2) 29. Qxc6 {White is clearly winning.} bxc6 30. Ng2 Rh6 31. Nd4 Bf6 32. Nf5 Rh3 33. Rxd6 {[%mdl 64] [#] Double Attack} Bg5 34. Rxc6 {Intending Rc8+ and mate.} h5 35. Rg6 {Accuracy: White = 79%, Black = 36%.} 1-0